Sigmund Freud: (Record no. 400)

MARC details
000 -LÍDER
campo de controle de tamanho fixo 01782nam a2200313 4500
001 - NÚMERO DE CONTROLE
campo de controle 400
003 - IDENTIFICADOR DO NÚMERO DE CONTROLE
campo de controle OSt
005 - DATA E HORÁRIO DA ÚLTIMA TRANSAÇÃO
campo de controle 20250414161917.0
008 - CAMPO DE DADOS FIXOS--INFORMAÇÃO GERAL
campo de controle de tamanho fixo 250414b |||||||e |||| 00| 0 eng d
020 ## - ISBN - INTERNATIONAL STANDARD BOOK NUMBER
ISBN - International Standard Book Number 9788565042703
040 ## - FONTE DA CATALOGAÇÃO
Idioma da catalogação por
041 ## - CÓDIGO DE IDIOMA
Código do idioma do original e/ou traduções intermediárias do texto ger
Código do idioma do texto/trilha sonora ou título diferente por
082 ## - CDD - CLASSIFICAÇÃO DECIMAL DE DEWEY
Número de Classificação 150.195
Número do exemplar F889e
100 ## - ENTRADA PRINCIPAL--NOME PESSOAL
Nome pessoal Freud, Sigmund
Datas associadas ao nome 1856- 1939
9 (RLIN) 845
240 ## - TÍTULO UNIFORME
Título uniforme Sigmund Freud
245 ## - TÍTULO
Título Sigmund Freud:
Restante do título O Essencial da Psicologia /
Indicação de responsabilidade, etc. Freud, Sigmund ;
260 ## - PUBLICAÇÃO, DISTRIBUIÇÃO, ETC.
Nome do editor, distribuidor, etc. Hunter Books
Data da publicação, distribuição, etc. 2016
Local de publicação, distribuição, etc. São Paulo
300 ## - DESCRIÇÃO FÍSICA
Extensão 166 p.
520 ## - NOTA DE RESUMO, ETC.
Resumo, etc. Sigmund Freud é uma das personalidades da história da humanidade que, definitivamente, dispensa qualquer tipo de apresentação. Seus estudos sobre o poder dos sonhos e do inconsciente desencadearam uma série de teorias – aprofundadas e compartilhadas por inúmeros nomes importantes de diversas áreas – que revolucionaram a compreensão do homem sobre si mesmo e sobre as relações que constrói na vida pessoal e profissional. Estes e outros temas, como a força dos impulsos e desejos sexuais, são discutidos neste livro, mostrando a influência direta que as descobertas de Freud causaram nas Artes, na Medicina, no Direito, na Educação, na Política e no próprio autoconhecimento do ser humano enquanto agente protagonista da vida em sociedade. Este é apenas o começo da (longa) trajetória de Freud, uma das grandes personalidades do mundo moderno.<br/><br/>
650 #0 - ASSUNTO--TERMO TÓPICO
Cabeçalho tópico ou nome geográfico Psicologia
9 (RLIN) 831
650 #0 - ASSUNTO--TERMO TÓPICO
Cabeçalho tópico ou nome geográfico Psicanálise
9 (RLIN) 839
650 #0 - ASSUNTO--TERMO TÓPICO
Cabeçalho tópico ou nome geográfico Autoconhecimento – Filosofia e psicologia
9 (RLIN) 855
650 #0 - ASSUNTO--TERMO TÓPICO
Cabeçalho tópico ou nome geográfico Freud, Sigmund – Teorias
9 (RLIN) 840
650 #0 - ASSUNTO--TERMO TÓPICO
Cabeçalho tópico ou nome geográfico Aplicações da Psicologia no Cotidiano
9 (RLIN) 857
655 #0 - TERMO DE ÍNDICE--GÊNERO E FORMA
Gênero/forma/ou termo foco Não Ficção
655 #0 - TERMO DE ÍNDICE--GÊNERO E FORMA
Gênero/forma/ou termo foco Técnico-científico
830 ## - ENTRADA SECUNDÁRIA DE SÉRIE--TÍTULO UNIFORME
Título uniforme O Essencial da Psicologia
9 (RLIN) 853
942 ## - ELEMENTOS DE ENTRADA ADICIONADOS (KOHA)
Fonte de classificação ou esquema de arquivamento Classificação decimal de Dewey
Ocultar no OPAC Não
Tipo de material Koha Livros
Holdings
Situação do descarte Situação das perdas Fonte de classificação ou esquema de arquivamento Status danificado Não pode ser emprestado Coleção Biblioteca de origem Biblioteca atual Localização na estante Data de aquisição Fonte de aquisição Total de empréstimos Número de chamada completo Código de barras Data de último acesso Data do preço efetivo Tipo de material Koha
    Classificação decimal de Dewey     Não ficção Biblioteca Professor Eduardo Afonso de Castro Biblioteca Professor Eduardo Afonso de Castro Psicologia e Filosofia 14.04.2025 doação   150.195 / F889e 2025-17338 14.04.2025 14.04.2025 Livros

Powered by Koha